Canadian cities in Civilization 6 Map quiz - Statistics

General Stats
  • This quiz has been taken 23 times
  • The average score is 22 of 41
Answers on the Map
Answers color-coded by a green-red scale on the quiz's map according to % correct below.
 
Answer Stats
Answer % Correct
Montréal
94%
Ottawa
94%
Quebec City
94%
Toronto
94%
Vancouver
94%
Calgary
89%
Edmonton
89%
Halifax
83%
Saint John
83%
Winnipeg
83%
Thunder Bay
78%
Regina
72%
Saint John's
72%
Victoria
72%
Windsor
72%
Whitehorse
67%
Saskatoon
61%
Sault Sainte Marie
61%
Hamilton
56%
Mississauga
56%
Charlottetown
50%
Dawson City
44%
Moncton
44%
Red Deer
44%
Trois-Rivières
44%
Waterloo
44%
Brandon
39%
Kingston
39%
Lethbridge
39%
Sherbrooke
39%
Guelph
33%
Saint Catharines
33%
Chatham
28%
Brantford
22%
Peterborough
22%
Belleville
17%
Brockville
11%
Saint Hyacinthe
11%
Stratford
11%
Saint-Lin
0%
Valleyfield
0%
No matching quizzes found
Score Distribution
Percent of People with Each Score
Percentile by Number Answered
Your Score History
You have not taken this quiz